=LDR 00000nam 2200000 4500 =001 INLIS000000000024673 =005 20161115110638.0 =006 =007 =008 Ind =035 ##$$0010-061300000024673 =041 ##$$a Ind =082 ##$$a 398 =090 ##$$a 398, Rah d =100 ##$$a Rahimsyah =245 ##$$a Kumpulan dongeng anak-anak indonesia, Rahimsyah =260 ##$$a 2000 $b Surabaya =300 ##$$a 128 hlm, ilus, 21 cm =650 ##$$a bacaan anak =850 ##$$a NBPNMAT